00241nam a2200085Ia 4500008004100000100002100041245003400062260005000096300000900146190216s9999||||xx |||||||||||||| ||und|| aTata Mcgraw-Hill 0aCourse In Mathematics For Iit bTata Mcgraw Hill Publishing Company Ltdc1997 a971p